[Event "CFriend RL-2004-0-00025 email"]
[Site "Chessfriend.com"]
[Date "2004.08.21"]
[Round "1"]
[White "Mallet, Bruno"]
[Black "Certoux, Jean Marie"]
[Result "0-1"]
[WhiteElo "758"]
[BlackElo "1330"]
[PlyCount "36"]
[EventDate "2004.??.??"]
[EventType "tourn (corr)"]
[EventRounds "6"]
[SourceTitle "Corr 2008"]
[Source "ChessBase"]
[SourceDate "2008.06.24"]
[SourceVersion "1"]
[SourceVersionDate "2008.06.24"]
[SourceQuality "1"]

1. e4 c5 2. Nf3 d6 3. d4 cxd4 4. Nxd4 Nf6 5. Nc3 a6 6. Bg5 e5 7. Nf5 Bxf5 8. exf5 Be7 9. Bxf6 Bxf6 10. Nd5 0-0 11. Nxf6+ Qxf6 12. Qf3 Nc6 13. Bc4 e4 14. Qd1 e3 15. 0-0 Ne5 16. Bd5 exf2+ 17. Rxf2 Nc6 18. c3 Rac8 0-1

[Event "IECC CL5-2004.03 email"]
[Site "IECC email"]
[Date "2004.01.25"]
[Round "?"]
[White "Manis, Jose"]
[Black "Mallet, Bruno"]
[Result "1-0"]
[WhiteElo "1528"]
[BlackElo "1500"]
[PlyCount "33"]
[EventDate "2004.??.??"]
[EventType "tourn (corr)"]
[EventRounds "4"]
[SourceTitle "Corr 2008"]
[Source "ChessBase"]
[SourceDate "2008.06.24"]
[SourceVersion "1"]
[SourceVersionDate "2008.06.24"]
[SourceQuality "1"]

1. Nf3 Nf6 2. c4 e6 3. g3 d5 4. Bg2 Be7 5. 0-0 0-0 6. d4 dxc4 7. Qc2 a6 8. a4 Bd7 9. Qxc4 Bc6 10. Nc3 b5 11. Qd3 b4 12. Nb1 Be4 13. Qd1 c5 14. Nbd2 Bd5 15. dxc5 Nbd7 16. c6 Bxc6 17. Nc4 1-0

[Event "IECG CE.2002.0.00036 email"]
[Site "IECG email"]
[Date "2002.09.03"]
[Round "?"]
[White "Mallet, Bruno"]
[Black "Pott, Brian"]
[Result "0-1"]
[WhiteElo "1300"]
[BlackElo "1343"]
[PlyCount "40"]
[EventDate "2002.09.03"]
[EventType "tourn (corr)"]
[EventRounds "6"]
[SourceTitle "Corr 2008"]
[Source "ChessBase"]
[SourceDate "2008.06.24"]
[SourceVersion "1"]
[SourceVersionDate "2008.06.24"]
[SourceQuality "1"]

1. d4 d5 2. c4 dxc4 3. Nf3 Nf6 4. e3 e6 5. Bxc4 c5 6. 0-0 a6 7. dxc5 Qxd1 8. Rxd1 Bxc5 9. Nbd2 Nbd7 10. b3 b6 11. Bb2 Bb7 12. h3 0-0 13. Rac1 Rfd8 14. Be2 Rac8 15. Nc4 Nd5 16. Nce5 Nxe5 17. Nxe5 Nxe3 18. Rxd8+ Rxd8 19. Rxc5 bxc5 20. fxe3 Rd2 0-1

[Event "IECG CE.2002.0.00036 email"]
[Site "IECG email"]
[Date "2002.09.03"]
[Round "?"]
[White "Soule, Larry P"]
[Black "Mallet, Bruno"]
[Result "1-0"]
[WhiteElo "1270"]
[BlackElo "1300"]
[PlyCount "43"]
[EventDate "2002.09.03"]
[EventType "tourn (corr)"]
[EventRounds "6"]
[SourceTitle "Corr 2008"]
[Source "ChessBase"]
[SourceDate "2008.06.24"]
[SourceVersion "1"]
[SourceVersionDate "2008.06.24"]
[SourceQuality "1"]

1. d4 d5 2. c4 e6 3. Nc3 Nf6 4. cxd5 exd5 5. Bg5 Be7 6. e3 0-0 7. Bd3 Re8 8. Nge2 c6 9. Qc2 Nbd7 10. 0-0 h6 11. Bh4 a6 12. h3 Qc7 13. Rac1 Nb6 14. Rfe1 Bd7 15. f3 Rac8 16. e4 Be6 17. e5 Nfd7 18. Bxe7 Rxe7 19. f4 Nf8 20. f5 Bd7 21. Nf4 Be8 22. Qf2 1-0